[Event "Bronshoj Sommer Seniors"]
[Site "Copenhagen"]
[Date "2019.08.15"]
[Round "1"]
[White "Jorgensen, Kasper Moller"]
[Black "Surender, Anil"]
[Result "1-0"]
[WhiteElo "2007"]
[BlackElo "2043"]
[PlyCount "79"]
[EventDate "2019.08.15"]
[EventType "swiss"]
[EventRounds "7"]
[EventCountry "DEN"]
[SourceTitle "EXT 2021"]
[Source "ChessBase"]
[SourceDate "2020.10.23"]
[SourceVersion "1"]
[SourceVersionDate "2020.10.23"]
[SourceQuality "1"]

1. e4 g6 2. d4 Bg7 3. Nf3 d6 4. Bc4 e6 5. Bb3 Ne7 6. 0-0 a6 7. Re1 Nd7 8. Nbd2 h6 9. Nf1 b5 10. c3 Bb7 11. Ng3 c5 12. Be3 0-0 13. Qd2 Kh7 14. Rad1 c4 15. Bc2 Qc7 16. h4 Rad8 17. h5 Nf6 18. Qe2 e5 19. a4 Bc8 20. axb5 axb5 21. dxe5 dxe5 22. Ra1 Bb7 23. Ra7 Nc6 24. Raa1 Ne7 25. Red1 Ra8 26. Nh2 Rfd8 27. hxg6+ fxg6 28. Ng4 Nxg4 29. Qxg4 Rxa1 30. Rxa1 Qd7 31. Bd1 h5 32. Qh4 Ng8 33. Bg5 Ra8 34. Rc1 Nh6 35. Bf3 Ra2 36. Rd1 Qf7 37. Rd6 Rxb2 38. Qh3 Qe8 39. Re6 Qd7 40. Nxh5 1-0

[Event "Valby K41 Autumn-B"]
[Site "Valby"]
[Date "2013.09.10"]
[Round "2"]
[White "Bekker Jensen, Anders"]
[Black "Jorgensen, Kasper Moller"]
[Result "1/2-1/2"]
[WhiteElo "2025"]
[BlackElo "2059"]
[PlyCount "74"]
[EventDate "2013.09.03"]
[EventType "tourn"]
[EventRounds "5"]
[EventCountry "DEN"]
[SourceTitle "EXT 2018"]
[Source "ChessBase"]
[SourceDate "2017.10.13"]
[SourceVersion "1"]
[SourceVersionDate "2017.10.13"]
[SourceQuality "1"]

1. d4 Nf6 2. c4 e6 3. Nc3 Bb4 4. e3 d5 5. cxd5 exd5 6. Bd3 0-0 7. Nge2 c5 8. 0-0 b6 9. a3 Ba5 10. Na2 c4 11. Bc2 b5 12. Bd2 Bc7 13. Ng3 a5 14. Nc3 Ba6 15. b4 cxb3 16. Bxb3 a4 17. Ba2 b4 18. axb4 Bxf1 19. Qxf1 Qd7 20. Bb3 axb3 21. Rxa8 Bxg3 22. hxg3 Qb7 23. Ra4 Nbd7 24. b5 Nb6 25. Rb4 Nc4 26. Bc1 Na5 27. Na4 Nd7 28. Qd3 Rc8 29. Bb2 Qc7 30. Nc3 Nb6 31. Qf5 Qd6 32. Ra4 g6 33. Qxc8+ Nxc8 34. Rxa5 Qc7 35. Ra8 Kg7 36. Ra4 Nb6 37. Rb4 h5 1/2-1/2

[Event "Valby K41 Aabent-ch 1011"]
[Site "Valby"]
[Date "2011.03.01"]
[Round "9"]
[White "Nielsen, John Holm"]
[Black "Jorgensen, Kasper Moller"]
[Result "1/2-1/2"]
[WhiteElo "2019"]
[BlackElo "2049"]
[PlyCount "108"]
[EventDate "2010.11.03"]
[EventType "swiss"]
[EventRounds "10"]
[EventCountry "DEN"]
[SourceTitle "EXT 2023"]
[Source "ChessBase"]
[SourceDate "2022.10.05"]
[SourceVersion "1"]
[SourceVersionDate "2022.10.05"]
[SourceQuality "1"]

1. Nc3 c5 2. Nf3 Nc6 3. d4 cxd4 4. Nxd4 d5 5. e4 dxe4 6. Nxc6 Qxd1+ 7. Kxd1 bxc6 8. Nxe4 g6 9. Bd3 Bg7 10. c3 Nh6 11. Be3 Ng4 12. Bc5 Ne5 13. Bc2 Bg4+ 14. Ke1 Nd7 15. Ba3 0-0 16. f3 Be6 17. Rd1 Nb6 18. Kf2 Rfe8 19. b3 Nd5 20. c4 Nf6 21. Rhe1 Bf5 22. Nxf6+ Bxf6 23. Bxf5 gxf5 24. Rd7 e6 25. Bc5 a5 26. Red1 a4 27. b4 Be5 28. Be7 Kg7 29. Rb7 Bf6 30. Bxf6+ Kxf6 31. Rdd7 Red8 32. Rxf7+ Ke5 33. Rfd7 Rxd7 34. Rxd7 Rb8 35. a3 h5 36. g3 f4 37. gxf4+ Kxf4 38. Rd6 c5 39. b5 e5 40. Rd5 Rc8 41. h4 Rc7 42. Rd6 Rf7 43. Rd8 e4 44. fxe4 Kxe4+ 45. Ke2 Rf4 46. Rd5 Rxh4 47. Rxc5 Rh2+ 48. Kf1 Kd4 49. Rc6 Ra2 50. Ra6 Rxa3 51. b6 Rb3 52. Rxa4 Rxb6 53. c5+ Kxc5 54. Ra5+ Rb5 1/2-1/2

[Event "DEN-chB"]
[Site "Hillerod"]
[Date "2010.04.03"]
[Round "5"]
[White "Jorgensen, Kasper Moller"]
[Black "Kryger, Oksana"]
[Result "1/2-1/2"]
[WhiteElo "2003"]
[BlackElo "2145"]
[PlyCount "101"]
[EventDate "2010.03.30"]
[EventType "swiss"]
[EventRounds "7"]
[EventCountry "DEN"]
[SourceTitle "CBM 135 Extra"]
[Source "ChessBase"]
[SourceDate "2010.05.04"]
[SourceVersion "1"]
[SourceVersionDate "2010.05.04"]
[SourceQuality "1"]

1. e4 e6 2. d4 d5 3. Nc3 Nf6 4. Bg5 Bb4 5. e5 h6 6. Bd2 Bxc3 7. bxc3 Ne4 8. Qg4 g6 9. Bd3 Nxd2 10. Kxd2 c5 11. f4 Bd7 12. Nf3 Qe7 13. Rab1 Bc6 14. Qh4 Qxh4 15. Nxh4 g5 16. fxg5 hxg5 17. Nf3 Rg8 18. g4 Nd7 19. h4 gxh4 20. g5 Ke7 21. Rxh4 cxd4 22. cxd4 Rg7 23. Rbh1 Nb6 24. Rh7 Rag8 25. g6 fxg6 26. Bxg6 Be8 27. Bd3 Bf7 28. Rxg7 Rxg7 29. Rg1 Rxg1 30. Nxg1 Bh5 31. Nh3 Bg4 32. Nf4 a6 33. Kc3 Kd7 34. Kb4 Nc8 35. Kc5 Kc7 36. Bg6 Kd7 37. Kb4 Ne7 38. c3 Nc6+ 39. Kb3 Na5+ 40. Kb4 Nc6+ 41. Kb3 Na5+ 42. Kc2 Nc4 43. Nd3 b6 44. Nf4 Na3+ 45. Kb3 Nb5 46. Bd3 Nc7 47. Kc2 Kc6 48. Kd2 Nb5 49. a4 Nc7 50. Bc2 a5 51. Bb3 1/2-1/2

[Event "Valby K41 op 0910"]
[Site "Valby"]
[Date "2010.01.05"]
[Round "4"]
[White "Greger, Roland Reinhard"]
[Black "Jorgensen, Kasper Moller"]
[Result "1-0"]
[WhiteElo "2370"]
[BlackElo "2013"]
[PlyCount "71"]
[EventDate "2009.11.03"]
[EventType "swiss"]
[EventRounds "9"]
[EventCountry "DEN"]
[SourceTitle "EXT 2018"]
[Source "ChessBase"]
[SourceDate "2017.10.13"]
[SourceVersion "1"]
[SourceVersionDate "2017.10.13"]
[SourceQuality "1"]

1. e4 c5 2. Nf3 Nc6 3. d4 cxd4 4. Nxd4 Nf6 5. Nc3 d6 6. Bg5 e6 7. Qd2 Be7 8. 0-0-0 0-0 9. Nb3 a5 10. a4 d5 11. Bb5 Nxe4 12. Nxe4 dxe4 13. Qxd8 Bxd8 14. Bxd8 Nxd8 15. Nc5 f5 16. Rd6 Nf7 17. Rb6 Ne5 18. h3 Rd8 19. Nxe6 Bxe6 20. Rxe6 Rd5 21. Rd1 Rxd1+ 22. Kxd1 Ng6 23. g3 Rc8 24. b3 Rc7 25. Re8+ Kf7 26. Ra8 f4 27. Be8+ Kf6 28. Bxg6 Kxg6 29. gxf4 b6 30. Kd2 Kh5 31. Rb8 Rc6 32. Rb7 Rg6 33. f5 Rf6 34. Rxg7 Rxf5 35. Rxh7+ Kg6 36. Rb7 1-0

[Event "Valby K41 op 0910"]
[Site "Valby"]
[Date "2009.12.01"]
[Round "3"]
[White "Jorgensen, Kasper Moller"]
[Black "Porte, Henrik"]
[Result "1-0"]
[WhiteElo "2013"]
[BlackElo "2136"]
[PlyCount "67"]
[EventDate "2009.11.03"]
[EventType "swiss"]
[EventRounds "9"]
[EventCountry "DEN"]
[SourceTitle "EXT 2018"]
[Source "ChessBase"]
[SourceDate "2017.10.13"]
[SourceVersion "1"]
[SourceVersionDate "2017.10.13"]
[SourceQuality "1"]

1. e4 c6 2. d4 d5 3. Nd2 dxe4 4. Nxe4 Bf5 5. Ng3 Bg6 6. Bc4 e6 7. N1e2 Bd6 8. h4 h6 9. Nf4 Bh7 10. Ngh5 Bxf4 11. Bxf4 Kf8 12. c3 Nf6 13. Nxf6 Qxf6 14. Be5 Qg6 15. Qb3 b5 16. 0-0 Nd7 17. Be2 Nxe5 18. dxe5 Qe4 19. Bf3 Qxe5 20. Bxc6 Rd8 21. Rad1 Ke7 22. Qa3+ Kf6 23. Qxa7 g5 24. Qe3 gxh4 25. Rxd8 Rxd8 26. Qxh6+ Bg6 27. Qxh4+ Qg5 28. Qxg5+ Kxg5 29. Bxb5 Rd2 30. f4+ Kh4 31. Rf2 Rd1+ 32. Kh2 Be4 33. Be2 Rb1 34. g3# 1-0

[Event "Valby K41 op 0910"]
[Site "Valby"]
[Date "2009.11.03"]
[Round "1"]
[White "Jorgensen, Kasper Moller"]
[Black "Rasmussen, Morten"]
[Result "1-0"]
[WhiteElo "2013"]
[BlackElo "1599"]
[PlyCount "93"]
[EventDate "2009.11.03"]
[EventType "swiss"]
[EventRounds "9"]
[EventCountry "DEN"]
[SourceTitle "EXT 2018"]
[Source "ChessBase"]
[SourceDate "2017.10.13"]
[SourceVersion "1"]
[SourceVersionDate "2017.10.13"]
[SourceQuality "1"]

1. e4 c5 2. Nf3 e6 3. d4 cxd4 4. Nxd4 Nc6 5. Nc3 Qc7 6. Be3 a6 7. Bd3 Nf6 8. 0-0 b5 9. Nxc6 Qxc6 10. f3 Bc5 11. Qe2 d6 12. Kh1 Bxe3 13. Qxe3 Bb7 14. a4 b4 15. Na2 Qxa4 16. Qb6 Qc6 17. Qxc6+ Bxc6 18. Nxb4 Bb7 19. Nxa6 Ke7 20. b4 Rhc8 21. b5 Nd7 22. h3 Ne5 23. Nb4 Nxd3 24. cxd3 Rc5 25. Rxa8 Bxa8 26. Rb1 e5 27. b6 Bb7 28. Rb2 Kd7 29. Nc2 Kc6 30. Na3 Ba6 31. Nc4 Rb5 32. Rxb5 Bxb5 33. b7 Kxb7 34. Nxd6+ Kc6 35. Nxb5 Kxb5 36. Kg1 Kb4 37. Kf2 Kc3 38. Ke3 g5 39. g3 f6 40. Ke2 Kc2 41. h4 gxh4 42. gxh4 Kc3 43. h5 h6 44. Ke3 Kc2 45. d4 exd4+ 46. Kxd4 Kd2 47. f4 1-0

[Event "Valby K41 Autumn-A"]
[Site "Valby"]
[Date "2009.10.27"]
[Round "7"]
[White "Jorgensen, Kasper Moller"]
[Black "Nielsen, John Holm"]
[Result "1-0"]
[WhiteElo "2005"]
[BlackElo "2022"]
[PlyCount "75"]
[EventDate "2009.09.08"]
[EventType "tourn"]
[EventRounds "7"]
[EventCountry "DEN"]
[SourceTitle "EXT 2023"]
[Source "ChessBase"]
[SourceDate "2022.10.05"]
[SourceVersion "1"]
[SourceVersionDate "2022.10.05"]
[SourceQuality "1"]

1. e4 c6 2. d4 d5 3. Nd2 dxe4 4. Nxe4 Bf5 5. Ng3 Bg6 6. Bc4 e6 7. N1e2 Bd6 8. 0-0 Nf6 9. f4 Qc7 10. f5 exf5 11. Nxf5 Bxh2+ 12. Kh1 0-0 13. g3 Bxf5 14. Rxf5 Ng4 15. Qf1 Bxg3 16. Qg2 g6 17. Rg5 Bd6 18. Rxg4 Kg7 19. Nf4 Bxf4 20. Bxf4 Qe7 21. Be5+ f6 22. Rg1 Kh8 23. Bf4 Nd7 24. Bd3 f5 25. Rg5 Rae8 26. Qh2 Rf6 27. Rxg6 Rxg6 28. Rxg6 Qf7 29. Rg1 c5 30. Bh6 Rg8 31. Rxg8+ Kxg8 32. dxc5 Kh8 33. Bf4 Qd5+ 34. Qg2 Qxc5 35. Bd2 Ne5 36. Bc3 h5 37. Qg3 Qd5+ 38. Kh2 1-0

[Event "Copenhagen Challenge"]
[Site "Ballerup"]
[Date "2009.05.10"]
[Round "8"]
[White "Jorgensen, Kasper Moller"]
[Black "Nielsen, Poul Bang"]
[Result "1-0"]
[WhiteElo "1999"]
[BlackElo "1792"]
[PlyCount "103"]
[EventDate "2009.05.06"]
[EventType "swiss"]
[EventRounds "9"]
[EventCountry "DEN"]
[SourceTitle "CBM 130 Extra"]
[Source "ChessBase"]
[SourceDate "2009.07.02"]
[SourceVersion "2"]
[SourceVersionDate "2009.07.15"]
[SourceQuality "1"]

1. e4 c5 2. Nf3 a6 3. c3 d5 4. exd5 Qxd5 5. d4 cxd4 6. cxd4 e6 7. Nc3 Bb4 8. Bd3 Nc6 9. 0-0 Bxc3 10. bxc3 Nf6 11. Ba3 b5 12. Qb1 Qd8 13. Nd2 Rb8 14. Bc5 Bd7 15. Qc2 Ne7 16. Ne4 Nxe4 17. Bxe4 f5 18. Bf3 0-0 19. Qd2 f4 20. Bd6 Rc8 21. Bxf4 Nd5 22. Bd6 Rxf3 23. gxf3 Rxc3 24. Bg3 Rxf3 25. Rac1 Qf8 26. Rfe1 h6 27. Qa5 Qf5 28. Qd8+ Kh7 29. Qxd7 Nf4 30. Rc7 Qg4 31. Qxg7+ Qxg7 32. Rxg7+ Kxg7 33. Bxf4 Rxf4 34. Rxe6 Rxd4 35. Rxa6 Rb4 36. Kg2 Rb2 37. Kg3 Rb4 38. h4 h5 39. Rb6 Rb1 40. Kf4 Rb2 41. f3 Rxa2 42. Kg5 Rf2 43. Rb7+ Kf8 44. f4 Rb2 45. Kxh5 b4 46. Kg5 b3 47. Kf6 Kg8 48. f5 Rh2 49. Rb8+ Kh7 50. Rxb3 Rxh4 51. Kf7 Rc4 52. Rh3+ 1-0

[Event "Copenhagen Challenge"]
[Site "Ballerup"]
[Date "2009.05.07"]
[Round "2"]
[White "Akdag, Dara Sevkan"]
[Black "Jorgensen, Kasper Moller"]
[Result "1-0"]
[WhiteElo "2199"]
[BlackElo "1999"]
[PlyCount "85"]
[EventDate "2009.05.06"]
[EventType "swiss"]
[EventRounds "9"]
[EventCountry "DEN"]
[SourceTitle "CBM 130 Extra"]
[Source "ChessBase"]
[SourceDate "2009.07.02"]
[SourceVersion "2"]
[SourceVersionDate "2009.07.15"]
[SourceQuality "1"]

1. d4 Nf6 2. c4 c5 3. d5 e6 4. Nc3 exd5 5. cxd5 d6 6. Nf3 g6 7. Bf4 Bg7 8. Qa4+ Bd7 9. Qb3 Qc7 10. h3 0-0 11. e3 a6 12. a4 Bf5 13. Nd2 h5 14. Nc4 Ne8 15. Be2 h4 16. Qb6 Qxb6 17. Nxb6 Ra7 18. Bg4 Be5 19. Bxe5 dxe5 20. Bxf5 gxf5 21. Nc8 Ra8 22. Ne7+ Kh7 23. Nxf5 Nd7 24. Nxh4 c4 25. Nf3 f6 26. Nd2 Rc8 27. 0-0 Nd6 28. Nde4 Nf5 29. Kh2 Nh4 30. g3 Ng6 31. Nd6 Rc7 32. Nce4 Ne7 33. Rfd1 Kg6 34. g4 Nc5 35. Nxc5 Rxc5 36. e4 Rc7 37. Rdc1 b5 38. axb5 axb5 39. Nxb5 Rb7 40. Nd6 Rxb2 41. Kg2 Kg5 42. Nxc4 Re2 43. Kf3 1-0

[Event "Copenhagen Challenge"]
[Site "Ballerup"]
[Date "2009.05.07"]
[Round "3"]
[White "Jorgensen, Kasper Moller"]
[Black "Haubro, Martin"]
[Result "1-0"]
[WhiteElo "1999"]
[BlackElo "1809"]
[PlyCount "57"]
[EventDate "2009.05.06"]
[EventType "swiss"]
[EventRounds "9"]
[EventCountry "DEN"]
[SourceTitle "CBM 130 Extra"]
[Source "ChessBase"]
[SourceDate "2009.07.02"]
[SourceVersion "2"]
[SourceVersionDate "2009.07.15"]
[SourceQuality "1"]

1. e4 e5 2. Nf3 d6 3. d4 exd4 4. Nxd4 Nf6 5. Nc3 Be7 6. Bb5+ c6 7. Bc4 Nxe4 8. Nxe4 d5 9. Bd3 dxe4 10. Bxe4 Bf6 11. c3 Qe7 12. 0-0 0-0 13. Re1 Qc7 14. Qf3 Bxd4 15. cxd4 Nd7 16. Bg5 Qa5 17. Be7 Re8 18. Bxh7+ Kxh7 19. Qxf7 Nf6 20. Re5 Rxe7 21. Qxe7 Qd2 22. Qd8 Qxb2 23. Rae1 Qb6 24. Qf8 Qxd4 25. Rg5 Qd7 26. h3 Nd5 27. Re4 Kh6 28. Reg4 Qxg4 29. Qxg7# 1-0

[Event "Valby K41 Autumn-A"]
[Site "Valby"]
[Date "2008.10.21"]
[Round "6"]
[White "Jorgensen, Kasper Moller"]
[Black "Roder, Peter Ulrik"]
[Result "1/2-1/2"]
[WhiteElo "1926"]
[BlackElo "2060"]
[PlyCount "104"]
[EventDate "2008.09.09"]
[EventType "swiss"]
[EventRounds "7"]
[EventCountry "DEN"]
[SourceTitle "EXT 2023"]
[Source "ChessBase"]
[SourceDate "2022.10.05"]
[SourceVersion "1"]
[SourceVersionDate "2022.10.05"]
[SourceQuality "1"]

1. e4 c5 2. Nf3 d6 3. Bb5+ Nc6 4. 0-0 Bg4 5. d3 Nf6 6. Re1 e5 7. Bxc6+ bxc6 8. Nbd2 Be7 9. Nf1 Qd7 10. h3 Bh5 11. Ng3 Bg6 12. Nh2 a5 13. f4 exf4 14. Bxf4 0-0 15. Nhf1 Ne8 16. Ne3 Bh4 17. Rf1 Bxg3 18. Bxg3 d5 19. e5 Nc7 20. Qd2 a4 21. Ng4 Ne6 22. Qc3 h5 23. Nh2 Rab8 24. Rab1 Nd4 25. Qxc5 Ne2+ 26. Kf2 Nxg3 27. Kxg3 Rb5 28. Qe3 d4 29. Qg5 Rc5 30. Rf2 Qe8 31. Qf4 Qxe5 32. Qxe5 Rxe5 33. Nf3 Re3 34. Re1 Rxe1 35. Nxe1 Rb8 36. b3 axb3 37. axb3 Re8 38. Nf3 c5 39. Kf4 f6 40. Nd2 Kf7 41. h4 Re1 42. Nf1 Ke6 43. Ng3 Rg1 44. Nf1 Be8 45. Ng3 Bc6 46. Nxh5 g6 47. Ng3 Rxg2 48. Rxg2 Bxg2 49. Ne2 Bf1 50. Ng3 Bg2 51. Ne2 Bf1 52. Ng3 Bg2 1/2-1/2

[Event "Valby K41 Spring-A"]
[Site "Valby"]
[Date "2008.05.06"]
[Round "6"]
[White "Moller, Arne Vagn"]
[Black "Jorgensen, Kasper Moller"]
[Result "0-1"]
[WhiteElo "1796"]
[BlackElo "1967"]
[PlyCount "98"]
[EventDate "2008.03.25"]
[EventType "tourn"]
[EventRounds "7"]
[EventCountry "DEN"]
[SourceTitle "EXT 2023"]
[Source "ChessBase"]
[SourceDate "2022.10.05"]
[SourceVersion "1"]
[SourceVersionDate "2022.10.05"]
[SourceQuality "1"]

1. e4 c5 2. Nf3 d6 3. d4 cxd4 4. Nxd4 Nf6 5. Nc3 g6 6. Be2 Bg7 7. Be3 0-0 8. 0-0 Nc6 9. Kh1 Bd7 10. f4 Nxd4 11. Bxd4 Bc6 12. Bf3 Qa5 13. a3 e5 14. fxe5 dxe5 15. Be3 a6 16. Qe2 b5 17. Qf2 Qc7 18. Qh4 Nd7 19. Bg4 Nb6 20. Rad1 Nc4 21. Bc1 Rad8 22. Rd3 Rxd3 23. cxd3 Nb6 24. Rf3 f5 25. Bxf5 gxf5 26. Be3 f4 27. Bc5 Rf7 28. Rh3 Bf6 29. Qg4+ Kh8 30. Qh5 Be8 31. b4 Nd7 32. Nd5 Qc6 33. Qg6 Nf8 34. Qf5 Bd7 35. Qh5 Rg7 36. Nxf6 Qxf6 37. Qh6 Qxh6 38. Rxh6 Ng6 39. h4 Rg8 40. Rh5 Bg4 41. Rg5 h5 42. d4 exd4 43. Bxd4+ Kh7 44. Rd5 Re8 45. e5 Ne7 46. Rd6 Nf5 47. Rd7+ Re7 48. e6 Rxd7 49. exd7 Ng3+ 0-1

[Event "Valby K41 Spring-A"]
[Site "Valby"]
[Date "2008.04.07"]
[Round "1"]
[White "Jorgensen, Rasmus"]
[Black "Jorgensen, Kasper Moller"]
[Result "0-1"]
[WhiteElo "1954"]
[BlackElo "1967"]
[PlyCount "96"]
[EventDate "2008.03.25"]
[EventType "tourn"]
[EventRounds "7"]
[EventCountry "DEN"]
[SourceTitle "EXT 2023"]
[Source "ChessBase"]
[SourceDate "2022.10.05"]
[SourceVersion "1"]
[SourceVersionDate "2022.10.05"]
[SourceQuality "1"]

1. e4 e5 2. Nf3 Nc6 3. Bb5 f5 4. d3 Nf6 5. 0-0 Bc5 6. Nc3 d6 7. exf5 0-0 8. Ne4 Bb6 9. Ng3 Ng4 10. Bxc6 bxc6 11. Bg5 Nxf2 12. Rxf2 Bxf2+ 13. Kxf2 Qe8 14. Kg1 Bxf5 15. Nxf5 Rxf5 16. Qd2 Qh5 17. Be3 Raf8 18. Rf1 a5 19. h3 Qg6 20. Nh2 Rxf1+ 21. Nxf1 Qf7 22. Ng3 Qxa2 23. Qc3 Qd5 24. Bd2 a4 25. Ne4 Rb8 26. Bc1 Rf8 27. Ng5 h6 28. Ne4 Rb8 29. Bxh6 Qa2 30. Bc1 Qb1 31. Qd2 Rxb2 32. Qg5 Rxc2 33. Qd8+ Kh7 34. Ng5+ Kh6 35. Qh8+ Kg6 36. Qh7+ Kf6 37. Ne4+ Ke6 38. Qg8+ Kd7 39. Qxg7+ Kc8 40. Qg4+ Kb7 41. Nxd6+ cxd6 42. Qd7+ Ka6 43. Kh2 Rxc1 44. Qxd6 Rh1+ 45. Kg3 Qe1+ 46. Kg4 Qe2+ 47. Kg3 Qe3+ 48. Kg4 Qd4+ 0-1

[Event "Valby K41 op 0708"]
[Site "Valby"]
[Date "2007.11.27"]
[Round "2"]
[White "Jorgensen, Kasper Moller"]
[Black "Rasmussen, Morten"]
[Result "1-0"]
[WhiteElo "1958"]
[BlackElo "1952"]
[PlyCount "101"]
[EventDate "2007.11.13"]
[EventType "swiss"]
[EventRounds "9"]
[EventCountry "DEN"]
[SourceTitle "EXT 2018"]
[Source "ChessBase"]
[SourceDate "2017.10.13"]
[SourceVersion "1"]
[SourceVersionDate "2017.10.13"]
[SourceQuality "1"]

1. e4 e5 2. Nf3 Nf6 3. Nxe5 d6 4. Nf3 Nxe4 5. Nc3 Nxc3 6. dxc3 Be7 7. Be3 0-0 8. Qd2 Nc6 9. 0-0-0 a6 10. Nd4 Qd7 11. Be2 Ne5 12. h3 b5 13. Bf3 d5 14. Bf4 Nc4 15. Qd3 c6 16. Rhe1 Bd6 17. Bxd6 Qxd6 18. Kb1 Rb8 19. Re2 b4 20. Nxc6 Nxb2 21. Qxd5 Qxd5 22. Rxd5 Na4 23. Nxb8 Nxc3+ 24. Kb2 Nxe2 25. Bxe2 Be6 26. Nc6 Bxd5 27. Ne7+ Kh8 28. Nxd5 a5 29. Kb3 Rd8 30. Bc4 Re8 31. Ka4 Re4 32. Ne3 f5 33. Bd3 Rf4 34. f3 g6 35. Kxa5 Kg7 36. Nc4 Kf6 37. Kxb4 Rd4 38. a4 Kg5 39. Kc3 Rd8 40. g3 f4 41. gxf4+ Kxf4 42. Be4 Kg3 43. a5 Kxh3 44. a6 h5 45. a7 Kg3 46. a8Q Rxa8 47. Bxa8 h4 48. Kd3 h3 49. Nd2 Kf2 50. f4 Kg3 51. Ke3 1-0

[Event "Valby K41 Autumn-B"]
[Site "Valby"]
[Date "2007.10.23"]
[Round "6"]
[White "Jorgensen, Kasper Moller"]
[Black "Nielsen, John Holm"]
[Result "1-0"]
[WhiteElo "1916"]
[BlackElo "1883"]
[PlyCount "93"]
[EventDate "2007.09.11"]
[EventType "tourn"]
[EventRounds "7"]
[EventCountry "DEN"]
[SourceTitle "EXT 2023"]
[Source "ChessBase"]
[SourceDate "2022.10.05"]
[SourceVersion "1"]
[SourceVersionDate "2022.10.05"]
[SourceQuality "1"]

1. e4 e5 2. Nf3 Nc6 3. Bb5 a6 4. Bxc6 dxc6 5. 0-0 Bg4 6. h3 h5 7. d3 Qf6 8. Nbd2 Bc5 9. Nc4 Bxf3 10. Qxf3 Qxf3 11. gxf3 f6 12. f4 exf4 13. Bxf4 0-0-0 14. Be3 Bxe3 15. Nxe3 Ne7 16. f4 g5 17. fxg5 fxg5 18. Rf6 Rdf8 19. Raf1 Rxf6 20. Rxf6 Rg8 21. Rh6 h4 22. Nf5 Nxf5 23. exf5 Rf8 24. f6 Rf7 25. Kg2 Kd7 26. Kf3 Ke6 27. Kg4 Rxf6 28. Kxg5 Rxh6 29. Kxh6 Kf6 30. Kh5 Kf5 31. Kxh4 Kf4 32. Kh5 Kf5 33. d4 a5 34. a4 b5 35. b3 b4 36. h4 Ke4 37. Kg5 Kxd4 38. h5 Kc3 39. h6 Kxc2 40. h7 Kxb3 41. h8Q Kxa4 42. Qb2 c5 43. Kf4 c4 44. Qa2+ Kb5 45. Ke4 a4 46. Kd4 c5+ 47. Kd5 1-0

[Event "Valby K41 Autumn-B"]
[Site "Valby"]
[Date "2007.09.18"]
[Round "2"]
[White "Andersen, Rune Egede"]
[Black "Jorgensen, Kasper Moller"]
[Result "0-1"]
[WhiteElo "1981"]
[BlackElo "1916"]
[PlyCount "76"]
[EventDate "2007.09.11"]
[EventType "tourn"]
[EventRounds "7"]
[EventCountry "DEN"]
[SourceTitle "EXT 2023"]
[Source "ChessBase"]
[SourceDate "2022.10.05"]
[SourceVersion "1"]
[SourceVersionDate "2022.10.05"]
[SourceQuality "1"]

1. e4 e6 2. d4 d5 3. Nc3 Bb4 4. Bd3 dxe4 5. Bxe4 Nf6 6. Bf3 c5 7. Be3 Nc6 8. Bxc6+ bxc6 9. Nge2 Ba6 10. dxc5 Qa5 11. Qd6 Rc8 12. 0-0-0 Bxe2 13. Nxe2 Qxa2 14. c3 Qa1+ 15. Kc2 Qa4+ 16. Kb1 Ba5 17. Rd4 Qb5 18. c4 Qb7 19. Qg3 Rb8 20. Bc1 0-0 21. Rhd1 Bc7 22. Qe3 a5 23. g4 e5 24. R4d3 Nxg4 25. Qg5 Qc8 26. Rg1 f5 27. h3 Bd8 28. Rxd8 Qxd8 29. Qxd8 Rbxd8 30. hxg4 fxg4 31. Rxg4 Rxf2 32. Nc3 Rd4 33. Rg5 e4 34. Rg4 h5 35. Rg6 Rf6 36. Rg5 h4 37. Be3 Rd3 38. Bg1 e3 0-1